|
|
|
|
| LEADER |
02200nam a2200493 i 4500 |
| 001 |
EBC4547315 |
| 003 |
MiAaPQ |
| 005 |
20200917021826.0 |
| 006 |
m o d | |
| 007 |
cr cnu|||||||| |
| 008 |
160628t20162016ne a ob 001 0 eng d |
| 020 |
|
|
|z 9789004304147
|
| 020 |
|
|
|a 9789004304154
|q (electronic bk.)
|
| 035 |
|
|
|a (MiAaPQ)EBC4547315
|
| 035 |
|
|
|a (Au-PeEL)EBL4547315
|
| 035 |
|
|
|a (CaPaEBR)ebr11222169
|
| 035 |
|
|
|a (CaONFJC)MIL930972
|
| 035 |
|
|
|a (OCoLC)951977653
|
| 040 |
|
|
|a MiAaPQ
|b eng
|e rda
|e pn
|c MiAaPQ
|d MiAaPQ
|
| 043 |
|
|
|a e------
|
| 050 |
|
4 |
|a HF3495
|b .B496 2016
|
| 082 |
0 |
|
|a 382.094
|2 23
|
| 245 |
0 |
0 |
|a Beyond empires :
|b global, self-organizing, cross-imperial networks, 1500-1800 /
|c edited by Catia Antunes, Amelia Polonia.
|
| 264 |
|
1 |
|a Leiden, Netherlands ;
|a Boston, Massachusetts :
|b Brill,
|c 2016.
|
| 264 |
|
4 |
|c 2016
|
| 300 |
|
|
|a 1 online resource (327 pages) :
|b illustrations (some color), tables, graphs.
|
| 336 |
|
|
|a text
|2 rdacontent
|
| 337 |
|
|
|a computer
|2 rdamedia
|
| 338 |
|
|
|a online resource
|2 rdacarrier
|
| 490 |
1 |
|
|a European Expansion and Indigenous Response,
|x 1873-8974 ;
|v Volume 21
|
| 504 |
|
|
|a Includes bibliographical references and index.
|
| 588 |
|
|
|a Description based on print version record.
|
| 590 |
|
|
|a Electronic reproduction. Ann Arbor, MI : ProQuest, 2016. Available via World Wide Web. Access may be limited to ProQuest affiliated libraries.
|
| 650 |
|
0 |
|a Colonial companies
|z Europe
|x History.
|
| 651 |
|
0 |
|a Europe
|x Commerce
|x History.
|
| 651 |
|
0 |
|a Europe
|x Foreign relations.
|
| 651 |
|
0 |
|a Europe
|x Colonies
|x History.
|
| 655 |
|
4 |
|a Electronic books.
|
| 700 |
1 |
|
|a Antunes, Catia,
|d 1976-
|e editor.
|
| 700 |
1 |
|
|a Polonia, Amelia,
|e editor.
|
| 776 |
0 |
8 |
|i Print version:
|t Beyond empires : global, self-organizing, cross-imperial networks, 1500-1800.
|d Leiden, Netherlands ; Boston, Massachusetts : Brill, c2016
|h xiv, 313 pages
|k European expansion and indigenous response ; Volume 21.
|z 9789004304147
|w 2016007113
|
| 797 |
2 |
|
|a ProQuest (Firm)
|
| 830 |
|
0 |
|a European expansion and indigenous response ;
|v Volume 21.
|
| 856 |
4 |
0 |
|u https://ebookcentral.proquest.com/lib/matrademy/detail.action?docID=4547315
|z Click to View
|